000 00454pab a2200169 454500
008 180718b2017 xxu||||| |||| 00| 0 eng d
100 _aJuvin, Herve
245 _aThe globalisation of US corporate law and policies
260 _c2017
300 _ap.78-85.
362 _aApr-Jun
650 _aGlobalization - United states
650 _aCorporation law - United States
650 _aCorporation law
773 _aWorld Affairs
909 _a115440
999 _c115434
_d115434